Chansons françaises par paroles commençant par L - Statistiques

Statistiques générales
  • Ce quiz a été pris 161 fois
  • Le résultat moyen est 9 sur 20
Statistiques - réponses
Hint Réponse % Correct
On y vit encore au temps des Gaëls et de Cromwell
Au rythme des pluies et du soleil au pas des chevaux
On y croit encore aux monstres des lacs qu'on voit nager
Certains soirs d'été et replonger pour l'éternité
Les {lacs du Connemara}
85%
Dans la jungle terrible jungle
________
Et les hommes, tranquilles s'endorment
________
Le {lion est mort ce soir}
82%
Allô ________ comme un garçon
J'ai le cœur qui fait boum
Et les cheveux longs
Allô ________ comme un garçon
C'est la première fois pour moi
Que tes yeux me font
Boum boum boum boum boum boum boum boum boum
Lola
78%
Moi je vis D'amour et de rires Je vis Comme si y avait rien à dire J'ai tout le temps D'écrire mes mémoires D'écrire mon histoire À l'encre bleue Laissez-moi danser
69%
Des jolies marguerites sur le haut de ses « I » Des courbes manuscrites comme dans les abbayes Quelques fautes d'orthographe une légère dyslexie Et en guise de paraphe ta petite blonde sexy La {lettre}
67%
N'y va pas
Y a des tempêtes et des naufrages
Le feu les diables et les mirages
Je te sais si fragile parfois
Reste au creux de moi
Là-bas
63%
Mon pouvoir vient du ciel et envahit l’espace Mon âme s’exprime en dessinant et sculptant dans la glace Et mes pensées sont des fleurs de cristal gelées Je ne reviendrai pas Le passé est passé Libérée délivrée
58%
C'est pas marqué dans les livres Que l'plus important à vivre Est de vivre au jour le jour Le temps C'est de l'amour Lucie
58%
Elle est parisienne
Elle est pas présentable
Elle est pas jolie
Elle est pas moche non plus
Elle est pas à gauche
Elle est pas à droite
Elle est pas maladroite
Léa
54%
Sur toutes les pages lues Sur toutes les pages blanches Pierre, sang, papier ou cendre J'écris ton nom Liberté
47%
Cendre de lune petite bulle d'écume Poussée par le vent je brûle et je m'enrhume Entre mes dunes reposent mes infortunes C'est nue que j'apprends la vertu Libertine
42%
Elle croyait qu'on était égaux ________
Au pays d'Voltaire et d'Hugo ________
Mais pour Debussy en revanche
Il faut deux noires pour une blanche
Ça fait un sacré distinguo
Lily
38%
Ils me disent ils me disent Tu vis sans jamais voir un cheval un hibou Ils me disent tu n'viens plus Même pour pêcher un poisson Tu ne penses plus à nous Le {Loir-et-Cher}
37%
Toute une nuit Laisse-moi toute une nuit Faire avec toi le plus long le plus beau voyage oh oh oh Veux-tu le faire aussi Laisse-moi t'aimer
35%
C'est une journée idéale
Pour marcher dans la forêt
On trouverait plus normal
D'aller se coucher seuls dans les genêts
Le {lundi au soleil}
33%
J'me laisse aller souvent
C'est vrai j'attends
Que passe le mauvais temps
Et qu'on fasse comme avant
Lady Melody
30%
Sourd on devient sourd Toutes ces sirènes dans nos cours Ça nous gêne On a beau changer de chaîne Lourd le cœur est lourd Toutes ces alarmes à l'amour Larsen
23%
Mais n’allez pas jeter la pierre
Si vous croyez que certains vous ont offensés
Car ceux qui dénoncent vos guerres
Sont ceux qui tombent les premiers
Laissez-nous chanter
18%
J'avais peur avant Je parlais tout bas J'étais jamais devant, oh non Aujourd'hui j'ai bien changé, crois-moi Fais bien attention à toi Ton jeu, je le connais déjà Libre
14%
On n’a pas pris la peine de s’rassembler un peu Avant que le temps prenne nos envies et nos vœux Les images, les querelles du passé rancunier Ont forgé nos armures, nos cœurs se sont scellés Le {long de la route}
2%
Aucun quiz correspondant
Distribution des résultats
% des personnes avec chaque résultat
Percentile par nombre de réponses
Votre historique - résultats
Vous n’avez pas pris ce quiz